| 000 | 01044cam a2200253 a 4500 | ||
|---|---|---|---|
| 999 |
_c29493 _d29493 |
||
| 001 | 16039709 | ||
| 005 | 20190122020042.0 | ||
| 008 | 100104s2010 caua b 001 0 eng | ||
| 010 | _a 2009054004 | ||
| 020 | _a9781412979795 (pbk.) | ||
| 040 |
_aDLC _cDLC _dDLC |
||
| 050 | 0 | 0 | _aLB 2822.75 .P67 2010 |
| 100 | 1 | _aPopham, W. James. | |
| 245 | 1 | 0 |
_aEverything school leaders need to know about assessment / _cW. James Popham. |
| 260 |
_aThousand Oaks, Calif. : _bCorwin Press, _cc2010. |
||
| 300 |
_axx, 199 p. : _bill. ; _c23 cm. |
||
| 504 | _aIncludes bibliographical references and index. | ||
| 650 | 0 | _aEducational evaluation. | |
| 650 | 0 | _aEducational leadership. | |
| 942 |
_2lcc _cBOOKS _hLB 2822.75 .P67 2010 _02 |
||